2025–2026 영국 축구 리그 팀들 - Statistics

General Stats
  • This quiz has been taken 2 times
  • The average score is 78 of 92
Answer Stats
League Team % Correct
프리미어 리그 노팅엄 포레스트
100%
프리미어 리그 뉴캐슬 유나이티드
100%
프리미어 리그 리버풀
100%
프리미어 리그 리즈 유나이티드
100%
프리미어 리그 맨체스터 시티
100%
프리미어 리그 맨체스터 유나이티드
100%
프리미어 리그 번리
100%
프리미어 리그 본머스
100%
프리미어 리그 브렌트포드
100%
프리미어 리그 선덜랜드
100%
프리미어 리그 아스날
100%
프리미어 리그 아스톤 빌라
100%
프리미어 리그 에버튼
100%
프리미어 리그 울버햄튼 원더러스
100%
프리미어 리그 웨스트 햄 유나이티드
100%
프리미어 리그 첼시
100%
프리미어 리그 크리스탈 팰리스
100%
프리미어 리그 토트넘 홋스퍼
100%
프리미어 리그 풀럼
100%
챔피언십 노리치 시티
100%
챔피언십 더비 카운티
100%
챔피언십 레스터 시티
100%
챔피언십 렉섬
100%
챔피언십 밀월
100%
챔피언십 버밍엄 시티
100%
챔피언십 브리스톨 시티
100%
챔피언십 블랙번 로버스
100%
챔피언십 사우스햄튼
100%
챔피언십 셰필드 웬즈데이
100%
챔피언십 셰필드 유나이티드
100%
챔피언십 스완지 시티
100%
챔피언십 스토크 시티
100%
챔피언십 왓포드
100%
챔피언십 웨스트 브롬위치 앨비언
100%
챔피언십 찰턴 애슬래틱
100%
챔피언십 코번트리 시티
100%
챔피언십 퀸즈 파크 레인저스
100%
챔피언십 프레스턴 노스 엔드
100%
챔피언십 헐 시티
100%
리그 원 노스햄튼 타운
100%
리그 원 레이튼 오리엔트
100%
리그 원 루턴 타운
100%
리그 원 맨스필드 타운
100%
리그 원 반즐리
100%
리그 원 볼턴 원더러스
100%
리그 원 블랙풀
100%
리그 원 스톡포트 카운티
100%
리그 원 스티버니지
100%
리그 원 엑서터 시티
100%
리그 원 위건 애슬래틱
100%
리그 원 위컴 원더러스
100%
리그 원 카디프 시티
100%
리그 원 플리머스 아가일
100%
리그 원 허더즈필드 타운
100%
리그 투 노츠 카운티
100%
리그 투 뉴포트 카운티
100%
리그 투 밀튼 케인즈 던스
100%
리그 투 배로
100%
리그 투 브리스톨 로버스
100%
리그 투 스윈던 타운
100%
리그 투 애크링턴 스탠리
100%
리그 투 질링엄
100%
리그 투 첼트넘 타운
100%
리그 투 콜체스터 유나이티드
100%
리그 투 해러것 타운
100%
리그 투 AFC 윔블던
100%
프리미어 리그 브라이튼 & 호브 앨비언
100%
챔피언십 미들즈브러
50%
챔피언십 옥스포드 유나이티드
50%
챔피언십 입스위치
50%
챔피언십 포츠머스
50%
리그 원 동커스터 로버스
50%
리그 원 레딩
50%
리그 원 로더럼 유나이티드
50%
리그 원 링컨 시티
50%
리그 원 버턴 앨비언
50%
리그 원 브래드포드 시티
50%
리그 원 포트 베일
50%
리그 원 피터버러 유나이티드
50%
리그 투 그림즈비 타운
50%
리그 투 바닛
50%
리그 투 솔퍼드 시티
50%
리그 투 올덤 애슬래틱
50%
리그 투 체스터필드
50%
리그 투 케임브리지 유나이티드
50%
리그 투 크롤리 타운
50%
리그 투 크루 알렉산드라
50%
리그 투 트란메어 로버스
50%
리그 투 플릿우드 타운
50%
리그 투 브롬리
0%
리그 투 슈르즈베리 타운
0%
리그 투 월솔
0%
No matching quizzes found
Score Distribution
Percent of People with Each Score
Percentile by Number Answered
Your Score History
You have not taken this quiz